Universität Regensburg Jahresbericht 2006
Guardado en:
| Formato: | Libro |
|---|---|
| Lenguaje: | alemán |
| Publicado: |
Regensburg
<Der> Rektor der Universität Regensburg
2007
|
| Materias: | |
| Etiquetas: |
Sin Etiquetas, Sea el primero en etiquetar este registro!
|
MARC
| LEADER | 00000nam$a2200000$$$4500 | ||
|---|---|---|---|
| 001 | 0070921 | ||
| 005 | 20240404070240.7 | ||
| 022 | |a 1439-6068 | ||
| 041 | 0 | |a ger | |
| 044 | |a DE | ||
| 245 | 1 | 0 | |a Universität Regensburg |b Jahresbericht 2006 |
| 264 | 1 | |a Regensburg |b <Der> Rektor der Universität Regensburg |c 2007 | |
| 300 | |a 151 s. | ||
| 610 | 2 | 0 | |a školy vysoké |
| 610 | 2 | 0 | |a univerzity |
| 610 | 2 | 0 | |a štruktúra organizačná |
| 610 | 2 | 0 | |a zamestnanci |
| 610 | 2 | 0 | |a študenti |
| 610 | 2 | 0 | |a zariadenia školské |
| 610 | 2 | 0 | |a výskum |
| 610 | 2 | 0 | |a údaje štatistické |
| 610 | 2 | 0 | |a štúdium vysokoškolské |
| 610 | 2 | 0 | |a Nemecko |
| 610 | 2 | 0 | |a 2006 |